000 00747nam a22002177a 4500
999 _c442364
_d442364
003 UA-OsUOA
005 20191002093927.0
008 190930b un ||||| |||| 00| 0 ukr d
040 _aUA-OsUOA
_bukr
_cUA-OsUOA
_dUA-OsUOA
041 _aukr
080 _a821.161.2
090 _a821.161.2
_bМ39
100 _aМахмуд Т.
245 _aНа рассвете
_bстихи
_cТофик Махмуд
260 _aМосква
_bСоветский писатель
_c1977
300 _a62 с.
856 4 0 _yКлацніть тут для перегляду онлайн
942 _2udc
_cBK
955 _a3